Normal view
MARC view
- GOODMAN,S.ALVIN
Entry Personal Name
001 - CONTROL NUMBER
- control field: 109598
003 - CONTROL NUMBER IDENTIFIER
- control field: NUST
005 - DATE AND TIME OF LATEST TRANSACTION
- control field: 20230227124158.0
008 - FIXED-LENGTH DATA ELEMENTS
- fixed length control field: 230227|| aca||aabn | a|a d
040 ## - CATALOGING SOURCE
- Original cataloging agency: NUST
- Transcribing agency: NUST
100 ## - HEADING--PERSONAL NAME
- Personal name: GOODMAN,S.ALVIN
670 ## - SOURCE DATA FOUND
- Source citation: Work cat.: (NUST): GOODMAN,S.ALVIN., INFRASTRUCTURE PLANNING ENGINEERING & ECONOMICS /, 2015.
